000 00676nam a2200229Ia 4500
003 OSt
005 20220707101544.0
008 210716s2010 xx 000 0 und d
020 _a9789380108209
040 _cAIMIT LIBRARY
041 _aeng
082 _a511.8
_21
_bHUND
100 _aHunter, David J.
_947386
245 _aEssentials of discrete mathematics /
_cBy David J Hunter.
250 _a1st ed.
260 _aNew Delhi :
_bJones and Bartlett Publishers ,
_c2010.
300 _axviii,450p. ;
_c24 cm.
650 _aLogical thinking
_947387
650 _aRelational thinking
_947388
650 _aRecursive thinking
_947389
942 _2ddc
_cBK
_e1st
_k511.8 HUND
999 _c193336
_d193336